000 00289nam a22001337a 4500
008 170601b xxu||||| |||| 00| 0 eng d
020 _a0671602160
041 _aeng
080 _a94(100)
100 _a17
101 _aSHH
245 _aISRAEL'S LEBANON WAR
_cSCHIFF,Z
942 _2udc
_cBK
999 _c15337
_d15337